| 000 | 00956nam a2200349 4500 | ||
|---|---|---|---|
| 001 | a5282688 | ||
| 003 | DO-SdBPM | ||
| 005 | 20250407111417.0 | ||
| 007 | a5282688 | ||
| 008 | 110328s1986 sp d spa | ||
| 015 | _a | ||
| 017 |
_a _b |
||
| 020 | _a8420447927 | ||
| 035 | _a | ||
| 040 |
_a BPMSU _bspa _cBPMSU _e |
||
| 082 | 4 |
_a823.91 _bD131m 1995 _222 |
|
| 084 |
_a _2 |
||
| 100 | 1 |
_aDahl, Roald _d1916-1990. |
|
| 245 | 1 | 0 |
_aMatilda / _c Johanna Goede ; ilustraciones Checo Merette |
| 260 |
_aBarcelona : _bAlfaguara, _c1988 |
||
| 300 |
_a 230 p.: _c30 cm. _b _e |
||
| 336 |
_aMúsica (interpretada) _2isbdcontent |
||
| 337 |
_aaudio _2isbdmedia |
||
| 500 | _a | ||
| 511 | 1 | _a | |
| 590 | _aInventariado, 2025/VM | ||
| 650 | 4 | _aCuentos infantiles dominicanos | |
| 650 | 4 | _aLiteratura infantil dominicana | |
| 700 | 1 |
_aMerette, Checo _eilustración |
|
| 910 | _aVMateo V. Control de calidad. BPMSU | ||
| 942 |
_2ddc _cBK |
||
| 999 |
_c9077 _d9077 |
||